[Event "Mercredi 2013.08.28 ABCD"]
[Site "Montreal CAN"]
[Date "2013.09.04"]
[Round "2"]
[White "Cardin, Guillaume"]
[Black "Chiku-Ratte, Olivier-Kenta"]
[Result "0-1"]
[WhiteElo "2102"]
[BlackElo "2263"]
[PlyCount "122"]
[EventDate "2013.08.28"]
[EventType "tourn"]
[EventRounds "5"]
[EventCountry "CAN"]

1. d4 Nf6 2. c4 c5 3. d5 e6 4. Nc3 exd5 5. cxd5 d6 6. Nf3 g6 7. g3 Bg7 8. Bg2
O-O 9. O-O a6 10. a4 Re8 11. Bf4 Ne4 12. Nxe4 Rxe4 13. Nd2 Rb4 14. Ra2 g5 15.
Be3 f5 16. f4 Qe7 17. Bf2 gxf4 18. b3 Nd7 19. Nc4 Ne5 20. Qc2 Ng4 21. Be1 Rxc4
22. bxc4 Ne3 23. Qd3 Nxf1 24. Kxf1 fxg3 25. Bxg3 Bd7 26. Bf4 a5 27. Qg3 Ra6 28.
e3 Kh8 29. Bf3 Be5 30. Rg2 Ra8 31. Bxe5+ Qxe5 32. Qxe5+ dxe5 33. Rb2 Rb8 34.
Bd1 b6 35. Kf2 Kg7 36. Kf3 Kf6 37. Rb1 Be8 38. Kf2 Bg6 39. Bc2 e4 40. h4 Ke5
41. Kg3 Bh5 42. Rb2 Rg8+ 43. Kf2 Rg6 44. Rb1 f4 45. Re1 fxe3+ 46. Rxe3 Rf6+ 47.
Kg3 Bf3 48. Bb3 Kd4 49. Re1 Kc3 50. Ba2 Kd2 51. Rb1 e3 52. Rb2+ Kc1 53. Rb1+
Kd2 54. Rb2+ Kc1 55. Rb1+ Kc2 56. d6 Bc6 57. Re1 Kd2 58. Rb1 e2 59. Rb2+ Ke3
60. Rb3+ Kd4 61. Rb1 Rf1 0-1

[Event "Mercredi 2013.08.28 ABCD"]
[Site "Montreal CAN"]
[Date "2013.09.11"]
[Round "3"]
[White "Chiku-Ratte, Olivier-Kenta"]
[Black "Leveille, Francois"]
[Result "0-1"]
[WhiteElo "2263"]
[BlackElo "2323"]
[PlyCount "60"]
[EventDate "2013.08.28"]
[EventType "tourn"]
[EventRounds "5"]
[EventCountry "CAN"]

1. d4 Nf6 2. c4 g6 3. Nc3 Bg7 4. e4 d6 5. f4 O-O 6. Nf3 c5 7. d5 e6 8. Be2 exd5
9. cxd5 Nbd7 10. O-O Re8 11. Qc2 Qe7 12. Nd2 Nb6 13. Bb5 Bd7 14. Bxd7 Nbxd7 15.
a4 Ng4 16. Nc4 Bd4+ 17. Kh1 Nxh2 18. Rd1 Ng4 19. g3 Nf2+ 20. Kg2 Nxd1 21. Nxd1
Nf6 22. Nc3 Bxc3 23. bxc3 Qxe4+ 24. Qxe4 Nxe4 25. Bb2 Nd2 26. Nxd6 Re2+ 27. Kh3
Rd8 28. Nb5 Rxd5 29. Kg4 Rh2 30. f5 Rxf5 0-1

[Event "Mercredi 2013.08.28 ABCD"]
[Site "Montreal CAN"]
[Date "2013.09.18"]
[Round "4"]
[White "Levkovsky, Alexandre"]
[Black "Chiku-Ratte, Olivier-Kenta"]
[Result "1-0"]
[WhiteElo "2267"]
[BlackElo "2263"]
[PlyCount "97"]
[EventDate "2013.08.28"]
[EventType "tourn"]
[EventRounds "5"]
[EventCountry "CAN"]

1. d4 Nf6 2. c4 c5 3. d5 e6 4. Nc3 exd5 5. cxd5 d6 6. Nf3 g6 7. Bf4 a6 8. a4
Bg7 9. h3 O-O 10. e3 Re8 11. Be2 Ne4 12. Nxe4 Rxe4 13. Ra2 Rb4 14. b3 Qe7 15.
O-O Nd7 16. Ne1 g5 17. Bh2 Ne5 18. Bxe5 Bxe5 19. Bc4 Bf5 20. Nd3 Bxd3 21. Qxd3
Qd7 22. a5 Re8 23. Kh1 g4 24. hxg4 Qxg4 25. f4 Qh5+ 26. Kg1 Bf6 27. Re2 Bd8 28.
Ra2 Bf6 29. Rf3 Qg6 30. Qf1 Qg4 31. Rh3 Bg7 32. Rf2 h6 33. Rff3 Qf5 34. Rfg3
Kf8 35. Qd1 b5 36. axb6 Rxb6 37. Rh5 Qf6 38. Qd3 Qa1+ 39. Kh2 a5 40. Rh4 Ke7
41. Rhg4 Bf6 42. Rg8 Reb8 43. Qe4+ Kd7 44. Qf5+ Kc7 45. Qh7 Kb7 46. Qxf7+ Ka8
47. R3g6 Bd8 48. Rxd8 Rxd8 49. Rg7 1-0

[Event "Mercredi 2013.08.28 ABCD"]
[Site "Montreal CAN"]
[Date "2013.09.25"]
[Round "5"]
[White "Chiku-Ratte, Olivier-Kenta"]
[Black "Tremblay, Alain"]
[Result "1-0"]
[WhiteElo "2263"]
[BlackElo "2106"]
[PlyCount "115"]
[EventDate "2013.08.28"]
[EventType "tourn"]
[EventRounds "5"]
[EventCountry "CAN"]

1. d4 d5 2. c4 c6 3. Nf3 Nf6 4. Nc3 dxc4 5. a4 Bf5 6. Ne5 Nbd7 7. Nxc4 Nb6 8.
Ne5 a5 9. g3 Nfd7 10. Nxd7 Bxd7 11. e4 e6 12. Bg2 Bb4 13. O-O O-O 14. Qb3 Rc8
15. Be3 c5 16. Rfd1 Qe7 17. d5 Rfd8 18. d6 Qf6 19. h4 h6 20. f4 e5 21. fxe5
Qxe5 22. Bf4 Qh5 23. e5 c4 24. Qc2 Bc6 25. Bxc6 bxc6 26. Qe4 Qg4 27. Kg2 Bxc3
28. bxc3 Nd5 29. Qf3 Qxf3+ 30. Kxf3 Rb8 31. Rd4 Rb3 32. Rxc4 Nxc3 33. Rxc6
Nxa4+ 34. Kg2 Rb4 35. Ra6 Nc5 36. R6xa5 Rb2+ 37. Kg1 Ne6 38. R5a2 Rb4 39. Ra8
Rbb8 40. Rxb8 Rxb8 41. Kg2 g5 42. Bd2 Kg7 43. h5 Rb2 44. Rd1 Nc5 45. Kf3 Rb3+
46. Be3 Nd7 47. Ke4 f5+ 48. exf6+ Nxf6+ 49. Kf3 Nd7 50. Rd4 Kf6 51. Re4 Rd3 52.
Rd4 Ra3 53. Ke4 Ke6 54. Rc4 Kxd6 55. g4 Ra5 56. Bd4 Rb5 57. Ra4 Nb6 58. Ra6 1-0

[Event "NAYCC U18"]
[Site "Toronto CAN"]
[Date "2013.08.14"]
[Round "1"]
[White "Qin, Zi Yi (Joey)"]
[Black "Chiku-Ratte, Olivier-Kenta"]
[Result "1-0"]
[WhiteElo "2460"]
[BlackElo "2260"]
[PlyCount "51"]
[EventDate "2013.08.14"]
[EventType "swiss"]
[EventRounds "9"]
[EventCountry "CAN"]

1. e4 c5 2. Nf3 d6 3. d4 cxd4 4. Nxd4 Nf6 5. Nc3 g6 6. Be3 Bg7 7. f3 Nc6 8. Qd2
O-O 9. O-O-O d5 10. exd5 Nxd5 11. Nxc6 bxc6 12. Bd4 Bxd4 13. Qxd4 Qb6 14. Bc4
e6 15. Ne4 Qxd4 16. Rxd4 Rb8 17. Re1 Rb4 18. c3 Rb7 19. Nc5 Rc7 20. Bf1 Kg7 21.
f4 Nb6 22. g3 Nd7 23. Nxd7 Rxd7 24. Rxd7 Bxd7 25. Rd1 Rd8 26. Bg2 1-0

[Event "NAYCC U18"]
[Site "Toronto CAN"]
[Date "2013.08.15"]
[Round "2"]
[White "Chiku-Ratte, Olivier-Kenta"]
[Black "Zheng, Kyle"]
[Result "1-0"]
[WhiteElo "2260"]
[BlackElo "1359"]
[PlyCount "53"]
[EventDate "2013.08.14"]
[EventType "swiss"]
[EventRounds "9"]
[EventCountry "CAN"]

1. d4 f5 2. c4 d6 3. Nc3 Nf6 4. Nf3 g6 5. g3 Bg7 6. Bg2 c6 7. O-O O-O 8. d5
cxd5 9. cxd5 Na6 10. Nd4 Nc7 11. h3 Bd7 12. Be3 Qe8 13. Qb3 Qb8 14. a4 Rc8 15.
Rfc1 Be8 16. Ncb5 Nxb5 17. axb5 Nd7 18. Ne6 b6 19. Bg5 Nc5 20. Rxc5 bxc5 21.
Nxg7 Kxg7 22. Qc3+ Kg8 23. Bh6 e5 24. dxe6 Qc7 25. e7 Qxe7 26. Bd5+ Bf7 27.
Qg7# 1-0

[Event "NAYCC U18"]
[Site "Toronto CAN"]
[Date "2013.08.15"]
[Round "3"]
[White "Chiku-Ratte, Olivier-Kenta"]
[Black "Chandra, Akshat"]
[Result "1-0"]
[WhiteElo "2260"]
[BlackElo "2395"]
[PlyCount "67"]
[EventDate "2013.08.14"]
[EventType "swiss"]
[EventRounds "9"]
[EventCountry "CAN"]

1. d4 Nf6 2. c4 g6 3. Nc3 d5 4. cxd5 Nxd5 5. e4 Nxc3 6. bxc3 Bg7 7. Nf3 c5 8.
Rb1 O-O 9. Be2 b6 10. O-O Bb7 11. Qd3 Ba6 12. Qe3 Qc8 13. Rd1 e6 14. Bb2 Re8
15. Bxa6 Nxa6 16. Qe2 Qb7 17. Nd2 Red8 18. Nb3 Rac8 19. Ba3 c4 20. Nd2 Qc6 21.
e5 Nc7 22. Ne4 Nd5 23. h4 Rc7 24. Qf3 a5 25. Bd6 Rcc8 26. h5 Bh6 27. hxg6 hxg6
28. Re1 Kg7 29. g4 g5 30. Be7 Rd7 31. Bf6+ Kg6 32. Nxg5 Bxg5 33. Qe4+ Kh6 34.
Qh1+ 1-0

[Event "NAYCC U18"]
[Site "Toronto CAN"]
[Date "2013.08.16"]
[Round "4"]
[White "Knox, Christopher"]
[Black "Chiku-Ratte, Olivier-Kenta"]
[Result "1-0"]
[WhiteElo "2319"]
[BlackElo "2260"]
[PlyCount "69"]
[EventDate "2013.08.14"]
[EventType "swiss"]
[EventRounds "9"]
[EventCountry "CAN"]

1. d4 Nf6 2. c4 c5 3. d5 e6 4. Nc3 exd5 5. cxd5 d6 6. Nf3 g6 7. h3 Bg7 8. Bf4
a6 9. a4 O-O 10. e3 Re8 11. Nd2 Nbd7 12. Be2 Ne5 13. Bh2 Rb8 14. O-O g5 15. a5
Nfd7 16. f4 gxf4 17. exf4 Ng6 18. Nc4 Qe7 19. Bd3 b5 20. axb6 Nxb6 21. f5 Nxc4
22. fxg6 Bd4+ 23. Kh1 Nxb2 24. Qh5 hxg6 25. Bxg6 fxg6 26. Qxg6+ Bg7 27. Bg3 Rf8
28. Rae1 Rxf1+ 29. Rxf1 Bd7 30. Bxd6 Rb6 31. Ne4 Rxd6 32. Nxd6 Nd3 33. Ne4 Kh8
34. Ng5 Nf2+ 35. Kg1 1-0

[Event "NAYCC U18"]
[Site "Toronto CAN"]
[Date "2013.08.16"]
[Round "5"]
[White "Chiku-Ratte, Olivier-Kenta"]
[Black "Song, Michael"]
[Result "0-1"]
[WhiteElo "2260"]
[BlackElo "2368"]
[PlyCount "110"]
[EventDate "2013.08.14"]
[EventType "swiss"]
[EventRounds "9"]
[EventCountry "CAN"]

1. d4 b6 2. c4 Bb7 3. Nf3 e6 4. g3 Nf6 5. Bg2 Be7 6. O-O O-O 7. d5 exd5 8. Nh4
c6 9. cxd5 Nxd5 10. Nf5 Bf6 11. e4 Ne7 12. Nd6 Ba6 13. Re1 Be5 14. Nc3 Nc8 15.
Nf5 Qf6 16. h4 h6 17. f4 Bxc3 18. bxc3 Ne7 19. Nd6 Qxc3 20. Be3 Qd3 21. Qxd3
Bxd3 22. Rad1 Ba6 23. e5 Nc8 24. f5 Nxd6 25. Rxd6 Bc4 26. f6 Be6 27. Bf1 Rc8
28. fxg7 Kxg7 29. g4 c5 30. h5 Nc6 31. Bf4 Nd4 32. Bg2 Rab8 33. g5 Nf5 34.
gxh6+ Nxh6 35. Bg5 Rg8 36. Red1 Kh7 37. Bc1 Nf5 38. R6d2 Ne3 39. Re1 Nxg2 40.
Rxg2 Rxg2+ 41. Kxg2 Bxa2 42. Bf4 a5 43. Kf3 Be6 44. Be3 a4 45. Rb1 Bb3 46. Ke2
Re8 47. Rg1 a3 48. h6 Rg8 49. Rxg8 Kxg8 50. Bc1 a2 51. Bb2 Kh7 52. Ke3 b5 53.
Ke4 b4 54. Kd3 c4+ 55. Ke2 Kxh6 0-1

[Event "NAYCC U18"]
[Site "Toronto CAN"]
[Date "2013.08.17"]
[Round "6"]
[White "Itkin, David"]
[Black "Chiku-Ratte, Olivier-Kenta"]
[Result "0-1"]
[WhiteElo "2182"]
[BlackElo "2260"]
[PlyCount "86"]
[EventDate "2013.08.14"]
[EventType "swiss"]
[EventRounds "9"]
[EventCountry "CAN"]

1. e4 c5 2. Nf3 d6 3. d4 cxd4 4. Nxd4 Nf6 5. Nc3 g6 6. f4 Nc6 7. Nxc6 bxc6 8.
e5 Nd7 9. exd6 exd6 10. Be3 Be7 11. Be2 O-O 12. O-O Nf6 13. Bf3 d5 14. Bd4 Re8
15. Re1 Be6 16. Na4 Qa5 17. c4 Rad8 18. f5 gxf5 19. Qc1 Ne4 20. Qh6 Bf8 21. Qh4
c5 22. Be5 f6 23. Bxf6 Nxf6 24. Qxf6 Bg7 25. Qh4 Bf7 26. Nc3 dxc4 27. Qg5 Qb6
28. Bd5 Qxb2 29. Bxf7+ Kxf7 30. Qxf5+ Kg8 31. Rxe8+ Rxe8 32. Rf1 Kh8 33. Qh5
Rd8 34. Ne2 c3 35. Nf4 Qb6 36. Qh4 Re8 37. Qh5 Qc6 38. h4 c2 39. Kh1 Rf8 40.
Qg4 Qe4 41. h5 c1=Q 42. Rxc1 Rxf4 43. Qc8+ Bf8 0-1

[Event "NAYCC U18"]
[Site "Toronto CAN"]
[Date "2013.08.17"]
[Round "7"]
[White "Chiku-Ratte, Olivier-Kenta"]
[Black "Ivanov, Mike"]
[Result "1-0"]
[WhiteElo "2260"]
[BlackElo "2202"]
[PlyCount "73"]
[EventDate "2013.08.14"]
[EventType "swiss"]
[EventRounds "9"]
[EventCountry "CAN"]

1. d4 Nf6 2. c4 g6 3. Nc3 c5 4. d5 d6 5. e4 Bg7 6. f4 O-O 7. Nf3 e6 8. Be2 exd5
9. cxd5 Re8 10. Nd2 Na6 11. O-O Nc7 12. a4 Rb8 13. Re1 b6 14. Bf3 Ba6 15. g4
Nd7 16. e5 dxe5 17. f5 Nf6 18. Nf1 Bxf1 19. Rxf1 gxf5 20. gxf5 e4 21. d6 exf3
22. dxc7 Qxc7 23. Qxf3 Rbd8 24. Bg5 Qe5 25. Rae1 Qd4+ 26. Kh1 h6 27. Bxf6 Bxf6
28. Rg1+ Kf8 29. Ne4 Bg5 30. Qg4 Qxa4 31. Rg2 Rd4 32. Rge2 Bd2 33. f6 Bg5 34.
b3 Qb4 35. Qf5 Kg8 36. h4 Bc1 37. Qg4+ 1-0

[Event "NAYCC U18"]
[Site "Toronto CAN"]
[Date "2013.08.18"]
[Round "8"]
[White "Chiku-Ratte, Olivier-Kenta"]
[Black "Zhang, Eric"]
[Result "1-0"]
[WhiteElo "2260"]
[BlackElo "2167"]
[PlyCount "118"]
[EventDate "2013.08.14"]
[EventType "swiss"]
[EventRounds "9"]
[EventCountry "CAN"]

1. d4 Nf6 2. c4 g6 3. Nc3 d5 4. cxd5 Nxd5 5. e4 Nxc3 6. bxc3 Bg7 7. Nf3 O-O 8.
Be2 c5 9. Rb1 b6 10. O-O Bb7 11. Qd3 Ba6 12. Qe3 cxd4 13. cxd4 Bxe2 14. Qxe2
Qc8 15. Ba3 Qa6 16. Qe3 Re8 17. Rfc1 Nd7 18. e5 Nf8 19. Rc7 Rac8 20. Rxc8 Rxc8
21. Qb3 e6 22. Rc1 Bh6 23. Rxc8 Qxc8 24. g3 Qc6 25. Bd6 Nd7 26. h4 Bf8 27. Bxf8
Nxf8 28. Qa3 Qd5 29. Kg2 a5 30. Kh2 b5 31. h5 h6 32. hxg6 Nxg6 33. Qe3 Qxa2 34.
Nd2 Kg7 35. Ne4 Qd5 36. Nf6 Qd8 37. Nh5+ Kh7 38. Qf3 Qe7 39. Qa8 Nf8 40. Nf6+
Kg7 41. Qxa5 b4 42. Qa8 b3 43. Qf3 Qd8 44. Nh5+ Kg8 45. Qe3 Kh7 46. Qf4 Qe7 47.
Qf3 b2 48. Qb3 Qg5 49. Nf6+ Kg7 50. Qxb2 Qf5 51. Qe2 Ng6 52. Ne8+ Kf8 53. Nd6
Nf4 54. gxf4 Qxf4+ 55. Kh3 Qxd4 56. Qf3 Kg7 57. Qxf7+ Kh8 58. Qf6+ Kh7 59. Qxe6
Qd3+ 1-0

[Event "NAYCC U18"]
[Site "Toronto CAN"]
[Date "2013.08.18"]
[Round "9"]
[White "Kraiouchkine, Nikita"]
[Black "Chiku-Ratte, Olivier-Kenta"]
[Result "1/2-1/2"]
[WhiteElo "2311"]
[BlackElo "2260"]
[PlyCount "56"]
[EventDate "2013.08.14"]
[EventType "swiss"]
[EventRounds "9"]
[EventCountry "CAN"]

1. Nf3 Nf6 2. g3 c5 3. Bg2 g6 4. O-O Bg7 5. c3 O-O 6. d4 d6 7. Qb3 Qc7 8. Nbd2
Be6 9. Qc2 Nc6 10. dxc5 dxc5 11. e4 h6 12. Nb3 Nd7 13. Be3 b6 14. Rad1 Rad8 15.
Nc1 Nde5 16. Nxe5 Nxe5 17. h3 h5 18. b3 a5 19. Ne2 Bc8 20. c4 Nc6 21. a3 Nd4
22. Nxd4 Bxd4 23. Bxd4 Rxd4 24. Rxd4 cxd4 25. b4 axb4 26. axb4 Be6 27. c5 bxc5
28. Qxc5 Qxc5 1/2-1/2

[Event "Quebec op inv."]
[Site "Montreal CAN"]
[Date "2013.07.21"]
[Round "1.22"]
[White "Chiku-Ratte, Olivier-Kenta"]
[Black "Wang, Richard"]
[Result "0-1"]
[WhiteElo "2106"]
[BlackElo "2377"]
[PlyCount "72"]
[EventDate "2013.07.21"]
[EventType "swiss"]
[EventRounds "9"]
[EventCountry "CAN"]

1. d4 d5 2. c4 c6 3. Nf3 Nf6 4. Nc3 dxc4 5. a4 Bf5 6. Ne5 Nbd7 7. Nxc4 Nb6 8.
Ne5 a5 9. g3 e6 10. Bg2 Bb4 11. O-O O-O 12. e3 h6 13. Qe2 Bh7 14. Rd1 Nfd7 15.
Nd3 Qe7 16. e4 Rfd8 17. Be3 Nf6 18. f3 Rac8 19. d5 c5 20. dxe6 Qxe6 21. Nxb4
axb4 22. Rxd8+ Rxd8 23. Nb5 Nfd7 24. a5 Nc4 25. Nc7 Qe5 26. Qxc4 Qxc7 27. f4
Nf6 28. e5 Ng4 29. Qxc5 Qd7 30. h3 Nxe3 31. Qxe3 Rc8 32. Qb6 Rc2 33. Qxb4 Qd3
34. Qxb7 Bf5 35. Ra3 Qd4+ 36. Kh2 Be4 0-1

[Event "Quebec op inv."]
[Site "Montreal CAN"]
[Date "2013.07.21"]
[Round "2.24"]
[White "Voskanyan, Vahagn"]
[Black "Chiku-Ratte, Olivier-Kenta"]
[Result "1/2-1/2"]
[WhiteElo "2241"]
[BlackElo "2106"]
[PlyCount "74"]
[EventDate "2013.07.21"]
[EventType "swiss"]
[EventRounds "9"]
[EventCountry "CAN"]

1. Nf3 Nf6 2. c4 c5 3. Nc3 Nc6 4. g3 g6 5. Bg2 Bg7 6. d4 cxd4 7. Nxd4 Nxd4 8.
Qxd4 O-O 9. Qh4 d6 10. O-O a6 11. Bh6 Rb8 12. Bxg7 Kxg7 13. Qd4 Kg8 14. Rfd1
Qa5 15. Rac1 Be6 16. a3 Rfc8 17. Ne4 Nxe4 18. Bxe4 Qc5 19. b4 Qxd4 20. Rxd4 b6
21. a4 Rc7 22. b5 a5 23. Bc6 Rbc8 24. e4 Bd7 25. Bxd7 Rxd7 26. e5 Rdc7 27. exd6
exd6 28. Kg2 d5 29. Rxd5 Rxc4 30. Rd8+ Rxd8 31. Rxc4 Kf8 32. Kf3 Ke7 33. Ke4
Ke6 34. h4 h5 35. f3 Rd1 36. Rc6+ Rd6 37. Rc4 Rd1 1/2-1/2

[Event "Quebec op inv."]
[Site "Montreal CAN"]
[Date "2013.07.22"]
[Round "3.22"]
[White "Chiku-Ratte, Olivier-Kenta"]
[Black "Hamilton, Robert"]
[Result "1-0"]
[WhiteElo "2106"]
[BlackElo "2251"]
[PlyCount "59"]
[EventDate "2013.07.21"]
[EventType "swiss"]
[EventRounds "9"]
[EventCountry "CAN"]

1. d4 Nf6 2. c4 e6 3. Nf3 b6 4. g3 Ba6 5. Qc2 Bb7 6. Bg2 c5 7. d5 exd5 8. cxd5
d6 9. O-O Bxd5 10. Nc3 Bc6 11. Rd1 Be7 12. Qf5 g6 13. Qf4 O-O 14. e4 Qc7 15. h3
Nbd7 16. Qh4 Rfe8 17. Bg5 Bd8 18. Re1 Nh5 19. Nd5 Bxd5 20. exd5 Bxg5 21. Nxg5
Rxe1+ 22. Rxe1 Qd8 23. g4 h6 24. gxh5 hxg5 25. Qg3 Qf6 26. hxg6 Ne5 27. gxf7+
Kxf7 28. Re4 Rg8 29. Qe3 g4 30. Rf4 1-0

[Event "Quebec op inv."]
[Site "Montreal CAN"]
[Date "2013.07.23"]
[Round "4.18"]
[White "Piasetski, Leon"]
[Black "Chiku-Ratte, Olivier-Kenta"]
[Result "1-0"]
[WhiteElo "2279"]
[BlackElo "2106"]
[PlyCount "113"]
[EventDate "2013.07.21"]
[EventType "swiss"]
[EventRounds "9"]
[EventCountry "CAN"]

1. Nf3 Nf6 2. c4 c5 3. Nc3 Nc6 4. d4 cxd4 5. Nxd4 g6 6. e4 d6 7. Be2 Bg7 8. Be3
O-O 9. O-O Nxd4 10. Bxd4 a5 11. b3 Bd7 12. Qd2 Bc6 13. f3 Nd7 14. Be3 Nc5 15.
Rab1 Qb6 16. Rfc1 Rfc8 17. Bd1 Qb4 18. a4 Be5 19. Ne2 Qxd2 20. Bxd2 Nd3 21. Rc2
f5 22. exf5 gxf5 23. Bc3 Nb4 24. Rd2 Bxc3 25. Nxc3 Kf7 26. f4 Rd8 27. Bh5+ Kf6
28. Rbd1 Na6 29. Nd5+ Bxd5 30. Rxd5 Nc7 31. R5d3 Ne6 32. g3 Nc5 33. Re3 e5 34.
Rxd6+ Rxd6 35. fxe5+ Ke7 36. exd6+ Kxd6 37. Bd1 Rf8 38. Bc2 h6 39. Re1 f4 40.
Rd1+ Ke6 41. Rd5 b6 42. Rh5 f3 43. Kf2 Rf6 44. g4 Kf7 45. Rf5 Ne6 46. Ke3 f2
47. Kxf2 Rxf5+ 48. Bxf5 Nd4 49. c5 bxc5 50. Bd3 Kf6 51. Bc4 Ke5 52. Kg3 Ke4 53.
h3 Ke5 54. Kh4 Nf3+ 55. Kh5 Ng1 56. Kxh6 Nxh3 57. g5 1-0

[Event "Quebec op inv."]
[Site "Montreal CAN"]
[Date "2013.07.24"]
[Round "5.21"]
[White "Chiku-Ratte, Olivier-Kenta"]
[Black "Sapozhnikov, Roman"]
[Result "1-0"]
[WhiteElo "2106"]
[BlackElo "2272"]
[PlyCount "141"]
[EventDate "2013.07.21"]
[EventType "swiss"]
[EventRounds "9"]
[EventCountry "CAN"]

1. d4 Nf6 2. c4 c5 3. d5 d6 4. Nc3 g6 5. e4 Bg7 6. f4 O-O 7. Nf3 e6 8. Be2 Re8
9. Nd2 exd5 10. cxd5 c4 11. a4 Na6 12. O-O Nc5 13. e5 dxe5 14. Nxc4 Nce4 15.
Nxe4 Nxe4 16. Bf3 Nd6 17. Nxe5 f6 18. Nd3 Bf5 19. Nf2 Rc8 20. Re1 Bc2 21. Rxe8+
Qxe8 22. Qe2 Bxa4 23. Qxe8+ Bxe8 24. Be3 a6 25. Nd3 Bb5 26. Nc5 f5 27. Rb1 b6
28. Ne6 Bd3 29. Rd1 Bc2 30. Re1 Bxb2 31. Bxb6 Bc3 32. Rc1 Bd2 33. Rf1 a5 34.
Bc7 Bb4 35. Rc1 Bd3 36. Rc6 Rxc7 37. Nxc7 a4 38. Na6 Bxa6 39. Rxa6 a3 40. Kf2
Kf8 41. Ke3 Nb7 42. Ra4 Bd6 43. g3 Ke7 44. Kd4 Nc5 45. Ra7+ Kf6 46. Kc4 h6 47.
Rxa3 g5 48. fxg5+ hxg5 49. Ra7 g4 50. Bg2 f4 51. gxf4 Bxf4 52. Rh7 Kg6 53. Rh4
Kg5 54. Rh8 Nb7 55. Kb5 Be5 56. Rh7 Nd6+ 57. Kc6 Kf5 58. Rh5+ Kf4 59. Kd7 Nf5
60. Rh7 Ne3 61. Bh1 Nc4 62. Ke6 Bd6 63. Bg2 Ba3 64. Bf1 Nd6 65. Bd3 g3 66.
hxg3+ Kxg3 67. Rd7 Nc8 68. Rd8 Ne7 69. d6 Nc6 70. Rc8 Nd4+ 71. Kd5 1-0

[Event "Quebec op inv."]
[Site "Montreal CAN"]
[Date "2013.07.25"]
[Round "6.16"]
[White "Shetty, Atulya"]
[Black "Chiku-Ratte, Olivier-Kenta"]
[Result "1-0"]
[WhiteElo "2314"]
[BlackElo "2106"]
[PlyCount "253"]
[EventDate "2013.07.21"]
[EventType "swiss"]
[EventRounds "9"]
[EventCountry "CAN"]

1. c4 c5 2. g3 g6 3. Bg2 Bg7 4. Nc3 Nc6 5. Nf3 Nf6 6. d4 cxd4 7. Nxd4 Nxd4 8.
Qxd4 O-O 9. Qd3 d6 10. O-O a6 11. Bf4 Qa5 12. Rfd1 Rb8 13. Rac1 Bf5 14. e4 Be6
15. c5 Qxc5 16. Nd5 Nxd5 17. Rxc5 Nxf4 18. gxf4 dxc5 19. e5 Bh6 20. Bh3 Bxh3
21. Qxh3 Bxf4 22. Qc3 Rfd8 23. Rxd8+ Rxd8 24. Qxc5 e6 25. b4 b5 26. Kg2 Rd5 27.
Qc8+ Kg7 28. Qxa6 Bxe5 29. a4 bxa4 30. Qxa4 Rd2 31. Kf1 Bd4 32. b5 Rxf2+ 33.
Ke1 Rf4 34. Qb3 Re4+ 35. Kf1 Re3 36. Qb4 e5 37. b6 Rf3+ 38. Ke2 Rf2+ 39. Ke1
Bxb6 40. Qxb6 Rxh2 41. Qd6 Rh5 42. Kf2 Rf5+ 43. Kg3 h5 44. Qe7 Kh6 45. Qd8 f6
46. Qd2+ Rf4 47. Kh3 Kg5 48. Qg2+ Rg4 49. Qd2+ Kf5 50. Qd7+ Kf4 51. Qd2+ Ke4
52. Qc2+ Kd4 53. Qb3 Kc5 54. Qa3+ Kd5 55. Qb3+ Ke4 56. Qc2+ Kf4 57. Qd2+ Kf5
58. Qd7+ Kg5 59. Qd2+ Rf4 60. Qg2+ Kh6 61. Qd2 g5 62. Qd8 Rf3+ 63. Kg2 g4 64.
Qh8+ Kg5 65. Qg7+ Kh4 66. Qg6 Rf4 67. Qd3 e4 68. Qe3 Kg5 69. Qd2 Kf5 70. Qd6
Kg5 71. Qd2 h4 72. Qd5+ Rf5 73. Qxe4 h3+ 74. Kg3 Rf3+ 75. Kh2 Rf2+ 76. Kg1 g3
77. Qd5+ Rf5 78. Qg8+ Kf4 79. Qc4+ Kf3 80. Qb3+ Kg4 81. Qg8+ Rg5 82. Qc4+ Kh5
83. Qf7+ Rg6 84. Qh7+ Rh6 85. Qf5+ Kh4 86. Qf4+ Kh5 87. Qf5+ Kh4 88. Kh1 g2+
89. Kh2 g1=Q+ 90. Kxg1 Kg3 91. Qd3+ Kg4 92. Kh2 Kg5 93. Qg3+ Kf5 94. Qf3+ Kg5
95. Qe4 Rh5 96. Qe8 Rh6 97. Kg3 h2 98. Qg8+ Rg6 99. Qd5+ f5 100. Qd8+ Kh5+ 101.
Kxh2 Kg4 102. Kg2 Kf4+ 103. Kf2 Re6 104. Qd4+ Kg5 105. Kf3 Re4 106. Qg7+ Kh5
107. Qh7+ Kg5 108. Qg7+ Kh5 109. Qf6 Rh4 110. Qxf5+ Kh6 111. Kg3 Rh5 112. Qf6+
Kh7 113. Kg4 Rh6 114. Qf7+ Kh8 115. Qf8+ Kh7 116. Qe7+ Kg8 117. Kg5 Rh7 118.
Qd8+ Kf7 119. Qd7+ Kg8 120. Qc8+ Kf7 121. Qf5+ Kg7 122. Qd5 Kh8 123. Qd8+ Kg7
124. Qe8 Rh1 125. Qd7+ Kf8 126. Qc8+ Kg7 127. Qb7+ 1-0

[Event "Quebec op inv."]
[Site "Montreal CAN"]
[Date "2013.07.26"]
[Round "7.19"]
[White "Chiku-Ratte, Olivier-Kenta"]
[Black "Rodriguez, Eric"]
[Result "0-1"]
[WhiteElo "2106"]
[BlackElo "2290"]
[PlyCount "122"]
[EventDate "2013.07.21"]
[EventType "swiss"]
[EventRounds "9"]
[EventCountry "CAN"]

1. d4 Nf6 2. c4 e6 3. Nf3 Bb4+ 4. Bd2 c5 5. Bxb4 cxb4 6. a3 Na6 7. Qa4 bxa3 8.
Nxa3 O-O 9. e3 d6 10. b4 e5 11. Be2 Bd7 12. Qb3 Bg4 13. dxe5 dxe5 14. O-O Ne4
15. Qb2 Qb6 16. Rab1 Rad8 17. c5 Qe6 18. Rbd1 Nc7 19. h3 Bh5 20. Nc4 Rxd1 21.
Rxd1 Bxf3 22. gxf3 Ng5 23. Qxe5 Qxc4 24. Kf1 Qxb4 25. Qxc7 Ne6 26. Qe7 a5 27.
Bd3 g6 28. Rb1 Qc3 29. Be4 Nxc5 30. Kg2 a4 31. Bxb7 a3 32. Bd5 Kg7 33. e4 Qd4
34. Qa7 Ne6 35. Qxd4+ Nxd4 36. Ra1 Nc2 37. Ra2 Rc8 38. Bb3 Nd4 39. Bd5 Rc3 40.
f4 Nc2 41. Kf1 Nb4 42. Ra1 Nd3 43. f5 Rc1+ 44. Rxc1 Nxc1 45. fxg6 Kxg6 46. f4
a2 47. Bxa2 Nxa2 48. Kf2 Kh5 49. Kg3 Nc3 50. e5 Kg6 51. Kg4 h5+ 52. Kh4 Ne2 53.
f5+ Kxf5 54. Kxh5 Nf4+ 55. Kh4 Kxe5 56. Kg3 Nxh3 57. Kxh3 Kf4 58. Kg2 Ke3 59.
Kf1 Kf3 60. Kg1 f5 61. Kf1 f4 0-1

[Event "Quebec op inv."]
[Site "Montreal CAN"]
[Date "2013.07.27"]
[Round "8.24"]
[White "Ibrahim, Anthony"]
[Black "Chiku-Ratte, Olivier-Kenta"]
[Result "1-0"]
[WhiteElo "2161"]
[BlackElo "2106"]
[PlyCount "67"]
[EventDate "2013.07.21"]
[EventType "swiss"]
[EventRounds "9"]
[EventCountry "CAN"]

1. e4 c5 2. Nf3 d6 3. d4 cxd4 4. Nxd4 Nf6 5. Nc3 g6 6. g3 Nc6 7. Bg2 Nxd4 8.
Qxd4 Bg7 9. O-O O-O 10. Bg5 Be6 11. Qd2 Re8 12. Rad1 Nd7 13. Rfe1 Rc8 14. Nb5
Qb6 15. a4 Bc4 16. Be3 Qa6 17. Nxa7 Ra8 18. b3 Rxa7 19. Bxa7 Qxa7 20. bxc4 Qxa4
21. Qd5 b6 22. Qb5 Qxb5 23. cxb5 Nc5 24. f4 Na4 25. e5 dxe5 26. fxe5 Nc3 27.
Rd3 Rc8 28. Bb7 Rc7 29. Bc6 Na4 30. Rd8+ Bf8 31. e6 f6 32. Ra1 Nc5 33. Raa8
Nxe6 34. Bd5 1-0

[Event "Quebec op inv."]
[Site "Montreal CAN"]
[Date "2013.07.28"]
[Round "9.24"]
[White "Chiku-Ratte, Olivier-Kenta"]
[Black "Villavieja, Butch"]
[Result "1-0"]
[WhiteElo "2106"]
[BlackElo "2211"]
[PlyCount "93"]
[EventDate "2013.07.21"]
[EventType "swiss"]
[EventRounds "9"]
[EventCountry "CAN"]

1. d4 Nf6 2. c4 g6 3. Nc3 Bg7 4. e4 d6 5. f4 c5 6. d5 e6 7. Nf3 exd5 8. cxd5
O-O 9. Be2 Re8 10. Nd2 a6 11. a4 b6 12. O-O Nbd7 13. Kh1 Rb8 14. Ra2 h6 15. Qc2
Qe7 16. e5 dxe5 17. Nc4 e4 18. d6 Qd8 19. Be3 Bb7 20. Rd1 Qc8 21. Qb3 Bc6 22.
Na3 Qb7 23. Raa1 Rbd8 24. Nab5 Rf8 25. Nc7 a5 26. Rd2 Ne8 27. N7d5 Bxd5 28.
Nxd5 Kh7 29. Nc3 f5 30. Rad1 Nef6 31. h3 Qb8 32. g4 Rde8 33. gxf5 gxf5 34. Nb5
c4 35. Qxc4 Qd8 36. Nc7 Ng4 37. hxg4 Qh4+ 38. Kg2 Ne5 39. Qb5 Nxg4 40. Bg1 Re5
41. fxe5 f4 42. Bxg4 Qxg4+ 43. Kh1 Qf3+ 44. Rg2 Qxd1 45. Qe2 Qxa4 46. Qg4 Rf7
47. Qg6+ 1-0